000 00719nam a2200241Ia 4500
003 OSt
005 20220924114343.0
006 a|||||r|||| 00| 0
007 ta
008 220923b |||||||| |||| 00| 0 ara d
024 _a344886
037 _cTextual
040 _aARTS
_cARTS
_bara
041 _2ara
_aara
082 _aV467wM81, 28L8
100 _aAbdul Darji Abdul Razzaq Au.
_9173139
245 0 _aJafar Abu al-Timman
_b wa dorah fi al-harkat al wataniya fi al-Iraq
260 _aBaghdad
_bDar al-hurriyah Iraq
_c1978
300 _avi,514p.
_ccm.
650 _aIRAQ - HISTORY
942 _hV467wM81, 28L8
_cTEXL
_2CC
999 _c393172
_d393172